Quiet, please.

Bibliographic Details
Main Author: Cabell, James Branch, 1879-1958
Format: Book
Language:English
Published: Gainesville : University of Florida Press, 1952.

MARC

Tag First Indicator Second Indicator Subfields
LEADER 00000cam a2200000 4500
001 in00000036543
005 20151007060913.0
008 720411s1952 flua 00000 eng u
010 |a  52007061  
035 |a (OCoLC)00280336 
035 |9 AAD0534AM 
040 |c WSU  |d TXA  |d UtOrBLW 
049 |a TXAM  |c [205574] 
050 0 |a PS3505.A153  |b Q5 
092 |a 818  |b C114q 
100 1 |a Cabell, James Branch,  |d 1879-1958. 
245 1 0 |a Quiet, please. 
264 1 |a Gainesville :  |b University of Florida Press,  |c 1952. 
300 |a 105 pages :  |b illustrations ;  |c 22 cm. 
336 |a text  |b txt  |2 rdacontent 
337 |a unmediated  |b n  |2 rdamedia 
338 |a volume  |b nc  |2 rdacarrier 
999 |a MARS 
999 f f |s 58ac9c33-7278-3ade-a688-adc712049152  |i a8ac4f31-989f-3b97-93ad-d6420955cecc  |t 0 
952 f f |p ric  |a Texas A&M University  |b Rellis Campus  |c Joint Library Facility  |d Remote Storage  |t 0  |e PS3505.A153 Q5  |h Library of Congress classification  |i unmediated -- volume  |m A14801263624 
998 f f |a PS3505.A153 Q5  |t 0  |l Remote Storage